| 000 | 01100nab a22002297a 4500 | ||
|---|---|---|---|
| 999 |
_c6463 _d6463 |
||
| 003 | OSt | ||
| 005 | 20260209092400.0 | ||
| 008 | 190506c xxu||||| |||| 00| 0 spa d | ||
| 040 | _cPJ | ||
| 100 |
_97086 _aBerón, Mariela |
||
| 245 | 1 | 3 |
_aEl rol del juez y perspectiva de género / _cMariela Berón. |
| 260 |
_aBuenos Aires : _bAbeledoPerrot, _c2025. |
||
| 300 | _ap. 42-49 | ||
| 500 | _aCita: TR LALEY AR/DOC/80/2025 | ||
| 505 | _aSumario: I. Introducción.— II. Reflexiones previas.— III. Premisas y propuestas.— IV. El nuevo art. 245 bis de la LCT vs. inversión de la carga probatoria a partir del aporte de indicios.— V. Amplitud probatoria. Nuevamente indicios (graves, precisos, concordantes).— VI. Conclusiones. | ||
| 505 | _t¿Te interesa el texto completo? Comunicate al correo: koha@justierradelfuego.gov.ar | ||
| 650 | 0 |
_91316 _aDERECHO LABORAL |
|
| 650 | 0 |
_91146 _aJUECES |
|
| 650 | 0 |
_94044 _aPERSPECTIVA DE GÉNERO |
|
| 773 | 0 |
_02751 _93202 _dBuenos Aires : AbeledoPerrot, 2013- _tRevista de derecho laboral y seguridad social. Nº 4 - Febrero 2025 |
|
| 942 |
_2udc _cANA |
||